[Event "Canadian op U2000"]
[Site "Toronto"]
[Date "1983.07.10"]
[Round "2"]
[White "Daniluk, Jim"]
[Black "Hullar, George"]
[Result "1-0"]
[WhiteElo "1790"]
[BlackElo "1601"]
[PlyCount "41"]
[EventDate "1983.07.09"]
[EventType "tourn"]
[EventRounds "10"]
[EventCountry "CAN"]
[SourceTitle "EXT 2022"]
[Source "ChessBase"]
[SourceDate "2021.10.06"]
[SourceVersion "1"]
[SourceVersionDate "2021.10.06"]
[SourceQuality "1"]

1. d4 Nf6 2. e3 b6 3. Nf3 Bb7 4. Bd3 g6 5. 0-0 Bg7 6. Nbd2 d5 7. Ne5 0-0 8. c3 Nbd7 9. f4 c5 10. Qf3 e6 11. g4 cxd4 12. exd4 Qc8 13. Qe2 a6 14. a4 Nxe5 15. fxe5 Ne8 16. Nf3 f6 17. exf6 Nxf6 18. Ne5 Nd7 19. Rxf8+ Bxf8 20. Nxg6 hxg6 21. Qxe6+ 1-0